Novelas ejemplares y amorosas 1 / (Registro nro. 12894)
[ vista simple ]
| 000 -LIDER | |
|---|---|
| fixed length control field | 00759nam a22002297a 4500 |
| 003 - IDENTIFICACDOR DE NÚMERO DE CONTROL | |
| control field | DO-SdBNP |
| 005 - DATE AND TIME OF LATEST TRANSACTION | |
| control field | 20171130095016.0 |
| 008 - ELEMENTOS DE LONGITUD FIJA | |
| fixed length control field | 171115b 1991 sp ||||| |||| 00| 0 spa d |
| 020 ## - ISBN | |
| International Standard Book Number | 8479690577 |
| 040 ## - FUENTE DE CATALOGACIÓN | |
| Agencia que crea de manera original el registro | BPMSU |
| Idioma de catalogación | spa |
| Agencia que realiza la transcripción | BPMSU |
| 092 ## - LOCALLY ASSIGNED DEWEY DECIMAL CALL NUMBER | |
| Número de clasificación | xxxx |
| Número de ítem (Cutter) | xxxx |
| 100 1# - ASIENTO PRINCIPAL -- NOMBRE PERSONAL | |
| Nombre personal | Zayas y Sotomayor, María de |
| 245 10 - MENCIÓN DE TITULO | |
| Título | Novelas ejemplares y amorosas 1 / |
| Mención de responsabilidad | María de Zayas y Sotomayor. |
| 260 ## - PUBLICACIÓN, DISTRIBUCIÓN, ETC. (PIE DE IMPRENTA) | |
| Lugar de publicación, distribución, etc | Madrid : |
| Nombre del editor, distribuidor, etc. | Alianza Editorial, |
| -- | El Sol, |
| Fecha de publicación, distribución, etc | 1991. |
| 300 ## - DESCRIPCIÓN FÍSICA | |
| Extensión | 95 p. ; |
| Dimensiones | 19 cm. |
| 490 1# - MENCIÓN DE SERIES | |
| Mención de serie | Biblioteca de El Sol |
| Volume/sequential designation | 49 |
| 505 0# - NOTA DE CONTENIDO | |
| Título | Castigo de la miseria -- |
| -- | Fuerza del amor -- |
| -- | Prevenido engañado -- |
| 830 #0 - ASIENTO SECUNDARIO DE SERIE--TÍTULO UNIFORME | |
| Título uniforme | Biblioteca de El Sol |
| Volume number/sequential designation | 49 |
| 942 ## - ADDED ENTRY ELEMENTS (KOHA) | |
| Source of classification or shelving scheme | Dewey Decimal Classification |
| Koha item type | Libros |
| 945 ## - INFORMACIÓN DE PROCESAMIENTO LOCAL | |
| Información de procesamiento local | Inventariado extranjero /2017 BT |
| 956 ## - LOCAL ELECTRONIC LOCATION AND ACCESS (OCLC) | |
| Nombre de host | LOPEREZ |
| Número de acceso | 10 |
| Información de compresión | 20171114 |
| Trayectoria | 0041 |
| Withdrawn status | Lost status | Source of classification or shelving scheme | Damaged status | Not for loan | Collection code | Home library | Current library | Date acquired | Total Checkouts | Barcode | Date last seen | Price effective from | Koha item type |
|---|---|---|---|---|---|---|---|---|---|---|---|---|---|
| Dewey Decimal Classification | Colección Juvenil General | Biblioteca Pública Metropolitana Salomé Ureña | Biblioteca Pública Metropolitana Salomé Ureña | 11/15/2017 | BPMSU17110200 | 11/15/2017 | 11/15/2017 | Libros |